00582nam a2200145 4500008004100000022001300041245007900054260011900133300001300252650002600265650002700291942000700318952009600325999001500421240219b |||||||| |||| 00| 0 eng d a07426763 aThe American journal of Islamic social sciences-Vol. 18, no. 4 (Fall 2001) aHerndon, (USA) : bThe Association of Muslim social scientists : International institute of Islamic thought,c2001 b1-205 p. aIslam -- Periodicals  aMuslims -- Periodicals cCR 00102ddc4070aMAINbMAINd2024-02-25l0o305.42 AMEpRAF5038r2024-02-25w2024-02-25yCR c4760d4760